Survey (Record no. 106737)

MARC details
000 -LEADER
fixed length control field 00820cam a2200193 4500
001 - CONTROL NUMBER
control field L137336
008 - FIXED-LENGTH DATA ELEMENTS--GENERAL INFORMATION
fixed length control field 070329s2007 xxk f 000 0 eng d
035 ## - SYSTEM CONTROL NUMBER
System control number (Sirsi) u137336
041 0# - LANGUAGE CODE
Language code of text/sound track or separate title eng
245 00 - TITLE STATEMENT
Title Survey
Remainder of title Russia and Turkey
260 ## - PUBLICATION, DISTRIBUTION, ETC.
Date of publication, distribution, etc. 2007
490 #0 - SERIES STATEMENT
Series statement EuroProperty
Volume/sequential designation 19 March 2007, 33-39(6)
520 ## - SUMMARY, ETC.
Summary, etc. Discusses the investment potentials and risks in the Turkish and Russian commercial real estate markets. Reports that the high levels of investment in the Moscow office market may push yields down, although political uncertainty my thwart this trend. Discusses the Russian and Turkish retail market, reporting that the Istanbul shopping mall market may be reaching saturation.
590 ## - LOCAL NOTE (RLIN)
Local note KA
651 #4 - SUBJECT ADDED ENTRY--GEOGRAPHIC NAME
Geographic name RUSSIA
651 #4 - SUBJECT ADDED ENTRY--GEOGRAPHIC NAME
Geographic name TURKEY
690 ## - LOCAL SUBJECT ADDED ENTRY--TOPICAL TERM (OCLC, RLIN)
Topical term or geographic name as entry element PROPERTY-COMMERCIAL PROPERTY
942 ## - ADDED ENTRY ELEMENTS (KOHA)
Suppress in OPAC 0
Holdings
Withdrawn status Lost status Source of classification or shelving scheme Damaged status Not for loan Home library Current library Shelving location Date acquired Total Checkouts Full call number Barcode Date last seen Copy number Price effective from Koha item type
    Dewey Decimal Classification     London London Journal article 29/03/2007   L137336 137336-1001 06/08/2019 1 06/08/2019 Journal article